Postaw na milion 195 - Statystyki

Ogólne statystyki
  • Ten quiz został rozwiązany 17 razy
  • Średni wynik to 7 z 12
Statystyki odpowiedzi
Zagadnienie Odpowiedź % Poprawnych
Czym charakteryzuje się liczba pierwsza? ma tylko dwa dzielniki
94%
Czyim nazwiskiem ochrzczono amerykański plan pomocy europejskim krajom, zniszczonym po II wojnie światowej? Marshalla
88%
Kiedy tworzył bajkopisarz Ezop? w starożytności
71%
Skąd pochodzi kukurydza? z Meksyku
65%
Pieśń "Va,pensiero" to jeden z najsłynniejszych utworów w historii muzyki operowej, jej kompozytorem jest.. Giuseppe Verdi
59%
W którym roku wystawiono spektakl inaugurujący działalność Teatru Narodowego w Warszawie? 1765
53%
Ile wygranych turniejów wielkoszlemowych ma na koncie Agnieszka Radwańska jako seniorka? ani jednego
53%
Wokalistą i założycielem zespołu Myslovitz był: Artur Rojek
53%
Testosteron występuje: u obu płci
47%
Które z tych województw ma najmniejszą lesistość, tzn lasy zajmują tam najmniejszy procent powierzchni? w łódzkim
47%
"Rolka sztokholmska" to długie na 15 metrów dzieło, przedstawiające wjazd orszaku ślubnego Zygmunta III do Krakowa. Jest to: malowidło na papierze
41%
W którym roku przyrost naturalny w Polsce był największy? 1925
0%
Nie znaleziono quizów pasujących do podanych kryteriów
Rozkład punktacji
Procent ludzi z każdym wynikiem
Percentyl według liczby udzielonych odpowiedzi
Twoja historia wyników
Nie rozwiązałeś tego quizu